Statistiken für Länder die in A enden

Klicken Sie hier um das Quiz zu spielen!

Allgemein

  • Dieses Quiz wurde 150 mal gespielt
    (89 seit der letzten Aktualisierung)
  • Das Durchschnittsergebnis liegt bei 26 aus 42

Antwortstatistiken

Country% Korrekt
Kanada
89%
China
80%
Namibia
76%
Sud Korea
73%
Ghana
71%
Kuba
71%
Nigeria
71%
Nord Korea
71%
Eritrea
70%
Panama
70%
Sudafrika
70%
Gambia
69%
Guinea
69%
Kenia
69%
Sambia
69%
Samoa
68%
Angola
65%
Kambodscha
65%
Andorra
64%
Ruanda
64%
Malaysia
64%
Uganda
64%
Malta
61%
Tansania
61%
Somalia
60%
Costa Rica
56%
Nicaragua
56%
Papua Neuguinea
55%
Jamaika
54%
Tonga
54%
Guatemala
53%
Venezuela
53%
Äquatorial-Guinea
51%
Botswana
50%
Dominica
50%
Grenada
50%
Guyana
50%
Antigua und Barbuda
49%
Sri Lanka
46%
Saint Lucia
45%
Liberia
39%
Bosnien und Herzegowina
33%

Verteilung der Resultate

Perzentil nach korrekt beantworteten Fragen

Anzahl Personen mit jedem Resultat

Ihre Resultats-Entwicklung

Sie haben dieses Quiz seit der letzten Aktualisierung nicht gespielt